Avtomatičeskije liniji v mašinostrojenii Kniga pervaja

Uložené v:
Podrobná bibliografia
Hlavný autor: Vladzijevskij, A. P. (Author)
Médium: Kniha
Jazyk:Russian
Vydané: Moskva : Mašgiz, 1958.
Vydanie:1. izdanije
Fyzický popis: 430 strán.
Tagy: Pridať tag
Žiadne tagy, Buďte prvý kto otaguje tento záznam!

MARC

LEADER 00000nam a2200000 a 4500
001 000098705
005 20230731131357.0
008 040101s1958 ru e rusod
020 |c Kčs 21,70  |q (viazané) 
040 |a SVKKK  |b slo  |c SVKKK  |e rda 
041 0 |a rus 
044 |a ru  |c RU 
100 1 |a Vladzijevskij, A. P.  |4 aut 
245 1 0 |a Avtomatičeskije liniji v mašinostrojenii  |n Kniga pervaja  |c A. P. Vladzijevskij. 
250 |a 1. izdanije 
264 1 |a Moskva :  |b Mašgiz,  |c 1958. 
300 |a 430 strán. 
336 |a text  |b txt  |2 rdacontent 
337 |a bez média  |b n  |2 rdamedia 
338 |a zväzok  |b nc  |2 rdacarrier 
500 |a Záznam revízie 
910 |a svkkk 
998 |a BK 
090 |g SCKHL  |k Sklad Pribinova 3. posch.  |a V.24681  |j 169670  |i 98705-10  |4 Zastaraná  |s Vyradená